Headway teacher's book : Intermediate
A multi-level course, supported by a broad range of supplementary material, which targets both accuracy and fluency in all four language skills.
Wedi'i Gadw mewn:
| Fformat: | Llyfr |
|---|---|
| Iaith: | Undetermined |
| Cyhoeddwyd: |
New York
Oxford University Press
1986
|
| Pynciau: | |
| Tagiau: |
Ychwanegu Tag
Dim Tagiau, Byddwch y cyntaf i dagio'r cofnod hwn!
|
| Thư viện lưu trữ: | Trung tâm Học liệu Trường Đại học Cần Thơ |
|---|
| LEADER | 00940nam a2200217Ia 4500 | ||
|---|---|---|---|
| 001 | CTU_141200 | ||
| 008 | 210402s9999 xx 000 0 und d | ||
| 020 | |c 0.99 | ||
| 082 | |a 428.0071 | ||
| 082 | |b H432 | ||
| 245 | 0 | |a Headway teacher's book : | |
| 245 | 0 | |b Intermediate | |
| 245 | 0 | |c Liz & John Soars | |
| 260 | |a New York | ||
| 260 | |b Oxford University Press | ||
| 260 | |c 1986 | ||
| 520 | |a A multi-level course, supported by a broad range of supplementary material, which targets both accuracy and fluency in all four language skills. | ||
| 650 | |a English language,English language,Tiếng anh | ||
| 650 | |x Spoken english,Problems, exercises, etc,Textbooks for foreign speakers,Nói tiếng anh,Những vấn đề, bài tập | ||
| 904 | |i Năm, H.Mai chuyển số PL về 428.0071 dùng cho cả bộ, mã hóa cutter theo tên sách | ||
| 980 | |a Trung tâm Học liệu Trường Đại học Cần Thơ | ||